000 00731nam a2200205Ia 4500
003 GCL
008 140319s9999 xx 000 0 ara d
040 _aGCL /
_cGCL
082 0 4 _a327.174
_bم م
100 1 _aالهيئه العامه للاستعلامات( ترج
245 1 0 _aالمأزق الاستراتيجى /
_cالهيئه العامه للاستعلامات( ترج
700 1 _aمايكل كريبون
260 _a[S.N] :
_bالهيئة العامة للاستعلامات ،
_c1992
300 _a220 ص
490 _aكتب مترجمة
_v0
650 0 4 _aالاتحاد السوفيتى
650 0 4 _aالولايات المتحدة الامريكية
650 0 4 _aنزع السلاح
942 _2ddc
_cBK
999 _c40718
_d40718